| 000 | 00729nam a2200253 a 4500 | ||
|---|---|---|---|
| 001 | 53277 | ||
| 003 | BD-RJUL | ||
| 005 | 20211209075934.0 | ||
| 008 | 161004s1969 njua 001 0 eng | ||
| 020 | _a0131289268 | ||
| 035 | _aBD-RJUL 53397 | ||
| 040 |
_aDLC _cDLC _dUKM _dEQO _beng |
||
| 041 | _aeng | ||
| 082 |
_a540 _bQUC 1969 |
||
| 100 | 1 |
_aQuagliano, James V. _q(James Vincent), _d1915- _9159250 |
|
| 245 | 0 | 0 |
_aChemistry / _c[by] J. V. Quagliano and L. M. Vallarino. |
| 250 | _a3d ed. | ||
| 260 |
_aEnglewood Cliffs, N.J. : _bPrentice-Hall, _c[1969] |
||
| 300 |
_axv, 844 p. : _bill. ; _c27 cm. |
||
| 650 | 0 |
_aChemistry. _9159251 |
|
| 700 | 1 |
_aVallarino, L. M. _9159252 |
|
| 942 |
_2ddc _cBK |
||
| 999 |
_c53277 _d53277 |
||